Statistics for Country Shapes Slideshow #2

Click here to take the quiz!

General Stats

  • This quiz has been taken 1,901 times
    (1,891 since last reset)
  • The average score is 9 of 12

Answer Stats

Answer% Correct
Brazil
94%
Papua New Guinea
92%
Bangladesh
85%
Nepal
84%
Monaco
83%
Syria
79%
Poland
78%
Mongolia
76%
Paraguay
71%
South Sudan
67%
Malaysia
66%
Uruguay
44%

Score Distribution

Percentile by Number Answered

Percent of People with Each Score

Your Score History

You have not taken this quiz since the last reset